Merged Logos - Statistics

General Stats
  • This quiz has been taken 112 times
  • The average score is 16 of 26
Answer Stats
Picture Answer % Correct
Domino's Hyundai
90%
MaxTV
88%
Fanta Broadcasting company
84%
Beatsi
83%
Chick-Broadcasting Corporation
83%
MasterAid
83%
Tinderade
81%
SubTarg
78%
John Sprite
77%
JetCle
74%
PlayTesla
72%
Chroppers
70%
PowerCafe
68%
Chasebook
62%
Derf
61%
Barda
58%
American And Hammer
57%
Dolmolive
51%
Samaha
51%
Dairy-Robbins
49%
Red Asus
48%
Columbia Broadcasting Dyson
38%
Crunchyrey+
25%
Realplus
16%
A Philippine Airline
7%
S1LLY_B3A5T
4%
No matching quizzes found
Score Distribution
Percent of People with Each Score
Percentile by Number Answered
Your Score History
You have not taken this quiz